Informal Fallacies - Statistics

General Stats
  • This quiz has been taken 6 times
  • The average score is 2 of 17
Answer Stats
Answer % Correct
Ad Hominem
100%
Begging the Question
50%
Red Herring
50%
Faulty Analogy
17%
Slippery Slope
17%
Appeal to Ignorance
0%
Confusion of Necessary with a Sufficient Condition
0%
Equivocation
0%
False Dilemma
0%
Inconsistency
0%
Irrelevant Authority
0%
Is Ought
0%
Ought Is
0%
Questionable Cause
0%
Straw Person
0%
Two Wrongs
0%
Unwarranted Generalization
0%
No matching quizzes found
Score Distribution
Percent of People with Each Score
Percentile by Number Answered
Your Score History
You have not taken this quiz